Seminario Investigación manejo de fauna para la construcción de sistemas sostenibles (Registro nro. 1652)

Detalles MARC
000 -CABECERA
Campo de control 01246nam a2200337 a 4500
005 - FECHA Y HORA DE LA ULTIMA TRANSACCION
Campo de control 20200104041523.0
008 - ELEMENTOS DE LONGITUD FIJA—INFORMACION GENERAL
Campo de control 140120b1996 ck ||||| |||| 00| 0 spa d
040 ## - FUENTE DE CATALOGACIÓN
Agencia catalogadora original CO-BoIAVH
Agencia transcriptora CO-BoIAVH
041 ## - IDIOMA
Código de idioma para texto/pista de sonido o título separado Español
044 ## - PAÍS DE PUBLICACIÓN
País de publicación Colombia
100 ## - ASIENTO PRINCIPAL--NOMBRE PERSONAL
Nombre personal Osorio de la Cruz, Hector
9 (RLIN) 4127
110 ## - ASIENTO PRINCIPAL--NOMBRE CORPORATIVO
Nombre corporativo o de jurisdicción como elemento de entrada Instituto de Investigación de Recursos Biológicos Alexander von Humboldt
9 (RLIN) 204
111 ## - ASIENTO PRINCIPAL--NOMBRE DE REUNION
Nombre de reunión o de jurisdicción como elemento de entrada Seminario Investigación manejo de fauna para la construcción de sistemas sostenibles
Lugar de la reunión Cali
Fecha de la reunión 96
9 (RLIN) 90189
245 ## - MENCION DE TITULO
Título Seminario Investigación manejo de fauna para la construcción de sistemas sostenibles
Parte restante del título seminario (Cali, 1996)
260 ## - PUBLICACION, DISTRIBUCION, ETC. (PIE DE IMPRENTA)
Lugar de publicación, distribución, etc. Cali
Nombre del editor, distribuidor, etc. CIPAV
Fecha de publicación, distribución, etc. 1996
300 ## - DESCRIPCION FISICA
Extensión 239 páginas
650 14 - ASIENTO SECUNDARIO DE MATERIA - TERMINO TEMATICO
Término temático o nombre geográfico como elemento de entrada Desarrollo sostenible
9 (RLIN) 278
650 14 - ASIENTO SECUNDARIO DE MATERIA - TERMINO TEMATICO
Término temático o nombre geográfico como elemento de entrada Sistemas de producción agrarios
9 (RLIN) 3532
650 14 - ASIENTO SECUNDARIO DE MATERIA - TERMINO TEMATICO
Término temático o nombre geográfico como elemento de entrada Manejo de fauna
9 (RLIN) 3823
650 14 - ASIENTO SECUNDARIO DE MATERIA - TERMINO TEMATICO
Término temático o nombre geográfico como elemento de entrada Fauna silvestre
9 (RLIN) 92225
650 14 - ASIENTO SECUNDARIO DE MATERIA - TERMINO TEMATICO
Término temático o nombre geográfico como elemento de entrada Ecosistemas tropicales
9 (RLIN) 3564
650 14 - ASIENTO SECUNDARIO DE MATERIA - TERMINO TEMATICO
Término temático o nombre geográfico como elemento de entrada Manejo de ecosistemas
9 (RLIN) 92251
650 14 - ASIENTO SECUNDARIO DE MATERIA - TERMINO TEMATICO
Término temático o nombre geográfico como elemento de entrada Biodiversidad
9 (RLIN) 92204
650 14 - ASIENTO SECUNDARIO DE MATERIA - TERMINO TEMATICO
Término temático o nombre geográfico como elemento de entrada Uso de biodiversidad
9 (RLIN) 343
650 14 - ASIENTO SECUNDARIO DE MATERIA - TERMINO TEMATICO
Término temático o nombre geográfico como elemento de entrada Historia natural
9 (RLIN) 90197
650 14 - ASIENTO SECUNDARIO DE MATERIA - TERMINO TEMATICO
Término temático o nombre geográfico como elemento de entrada Interacción ecológica
9 (RLIN) 3589
650 14 - ASIENTO SECUNDARIO DE MATERIA - TERMINO TEMATICO
Término temático o nombre geográfico como elemento de entrada Manejo sostenible
9 (RLIN) 90198
650 14 - ASIENTO SECUNDARIO DE MATERIA - TERMINO TEMATICO
Término temático o nombre geográfico como elemento de entrada Especies amenazadas
9 (RLIN) 157
650 14 - ASIENTO SECUNDARIO DE MATERIA - TERMINO TEMATICO
Término temático o nombre geográfico como elemento de entrada Educación ambiental
9 (RLIN) 162
942 ## - ELEMENTOS ADICIONALES (KOHA)
Tipo de ítem Libro
Sistema de clasificación Dewey Decimal Classification
Existencias
Withdrawn status Lost status Sistema de Clasificación Damaged status No para préstamo Colección Ubicación Permanente Ubicación actual Fecha de adquisición Fuente de Valor Total Checkouts Número topográfico Inventario / Código de Barras Date last seen Ejemplar Price effective from Forma de adquisición Tipo de material Inventariado Valor
    Dewey Decimal Classification     Humboldt Sala Fabio Quevedo Sala Fabio Quevedo 18/07/2014 Instituto   IAvH-333.715 O83i 003916 04/12/2012 Ej. 2 04/12/2012   Libro Inventariado 2017 30000.00
    Dewey Decimal Classification     Humboldt Sala Fabio Quevedo Sala Fabio Quevedo 18/07/2014 Instituto   IAvH-333.715 O83i 025062 04/12/2012 Ej. 3 04/12/2012   Libro Inventariado 2017 30000.00
    Local     Referencia Villa de Leyva Villa de Leyva 02/04/1998 CID Humboldt   IAvH-00011 003915 04/12/2012 Ej. 1 04/12/2012   Libro